Werewolves don't go to summer camp / (Record no. 4220)

MARC details
000 -LEADER
fixed length control field 01263cam a22003613a 4500
001 - CONTROL NUMBER
control field 4220
003 - CONTROL NUMBER IDENTIFIER
control field FISKH
005 - DATE AND TIME OF LATEST TRANSACTION
control field 20250704084904.0
008 - FIXED-LENGTH DATA ELEMENTS--GENERAL INFORMATION
fixed length control field 120310s1991 nyua j 000 1 eng d
010 ## - LIBRARY OF CONGRESS CONTROL NUMBER
LC control number 2012379606
020 ## - INTERNATIONAL STANDARD BOOK NUMBER
International Standard Book Number 9780590440615 (pbk.)
020 ## - INTERNATIONAL STANDARD BOOK NUMBER
International Standard Book Number 0590440616 (pbk.)
035 ## - SYSTEM CONTROL NUMBER
System control number (OCoLC)ocn173684984
040 ## - CATALOGING SOURCE
Original cataloging agency IFA
Transcribing agency IFA
Modifying agency JAG
-- DLC
Language of cataloging eng
050 ## - LIBRARY OF CONGRESS CALL NUMBER
Classification number PZ7.D128
082 ## - DEWEY DECIMAL CLASSIFICATION NUMBER
Classification number 236
100 1# - MAIN ENTRY--PERSONAL NAME
Personal name Dadey, Debbie.
245 10 - TITLE STATEMENT
Title Werewolves don't go to summer camp /
Statement of responsibility, etc. by Debbie Dadey and Marcia Thornton Jones ; illustrated by John Steven Gurney.
250 ## - EDITION STATEMENT
Edition statement This edition first printing, July 2007
260 ## - PUBLICATION, DISTRIBUTION, ETC.
Place of publication, distribution, etc. New York :
Name of publisher, distributor, etc. Scholastic,
Date of publication, distribution, etc. 1991.
300 ## - PHYSICAL DESCRIPTION
Extent 92 pages :
Other physical details illustrations ;
Dimensions 20 cm
505 ## - FORMATTED CONTENTS NOTE
Formatted contents note N<br/>
520 ## - SUMMARY, ETC.
Summary, etc. Mr. Jenkins' beard and bare feet have campers at Camp Lone Wolf wondering if he might be a werewolf who comes out at midnight for a snack.
521 8# - TARGET AUDIENCE NOTE
Target audience note 580<br/>
Source Lexile<br/>
521 8# - TARGET AUDIENCE NOTE
Target audience note N<br/>
Source Raz-Plus<br/>
650 ## - SUBJECT ADDED ENTRY--TOPICAL TERM
Topical term or geographic name entry element Bailey School Kids
Form subdivision Fantasy
General subdivision Mystery
Chronological subdivision Werewolves
655 #7 - INDEX TERM--GENRE/FORM
Genre/form data or focus term Children's stories.
Source of term lcsh
700 1# - ADDED ENTRY--PERSONAL NAME
Personal name Jones, Marcia Thornton.
Relator term Author
700 1# - ADDED ENTRY--PERSONAL NAME
Personal name Gurney, John,
Relator term illustrator
906 ## - LOCAL DATA ELEMENT F, LDF (RLIN)
a 7
b cbc
c copycat
d 2
e ncip
f 20
g y-genrareb
942 ## - ADDED ENTRY ELEMENTS (KOHA)
Source of classification or shelving scheme Dewey Decimal Classification
Koha item type Books
Suppress in OPAC No
Holdings
Withdrawn status Lost status Source of classification or shelving scheme Damaged status Not for loan Collection Home library Current library Shelving location Date acquired Total Checkouts Full call number Barcode Date last seen Price effective from Koha item type Copy number
    Dewey Decimal Classification     Juvenile Fiction Footprints International School Library Network Toul Kork Campus Footprints International School Library Network Toul Kork Campus TK Primary Library Room(4th Floor), Bookcase 3&4, Shelves 17-32, Yellow Books 07/05/2024   DAD 236 PZ7.D128 FISTK00218 07/05/2024 07/05/2024 Books  
    Dewey Decimal Classification     Juvenile Fiction Footprints International School Library Network Toul Tom Poung Campus Footprints International School Library Network Toul Tom Poung Campus TTP Primary Yellow Bookshelves 07/04/2025   DAD 236 PZ7.D128 FIS00040 07/04/2025 07/04/2025 Books 2